COMPO DU 5-4 PSG BAYERN 2025/2026 - Statistiques

Statistiques générales
  • Ce quiz a été pris 63 fois
  • Le résultat moyen est 20 sur 22
Statistiques - réponses
POSTE PAYS JOUEUR % Correct
DEFENSEUR DROIT MAROC HAKIMI
100%
GARDIEN RUSSIE SAFONOV
100%
MILEU CENTRAL PORTUGAL NEVES
98%
DEFENSEUR CENTRAL EQUATEUR PACHO
98%
MILIEU CENTRAL PORTUGAL VITINHA
98%
DEFENSEUR CENTRAL BRESIL MARQUINHOS
96%
ATTAQUANT FRANCE DEMBELE
94%
AILIER DROIT FRANCE DOUE
94%
AILIER GAUCHE GEORGIE KVARATSKHELIA
94%
DEFENSEUR GAUCHE PORTUGAL MENDES
94%
AILIER GAUCHE COLOMBIE DIAZ
93%
ATTAQUANT ANGLETERRE KANE
93%
MILIEU CENTRAL ALLEMAGNE KIMMICH
93%
GARDIEN ALLEMAGNE NEUER
93%
AILIER DROIT FRANCE OLISE
93%
DEFENSEUR CENTRAL FRANCE UPAMECANO
91%
DEFENSEUR GAUCHE CANADA DAVIES
87%
MILIEU OFFENSIF ALLEMAGNE MUSIALA
81%
DEFENSEUR CENTRAL ALLEMAGNE TAH
78%
DEFENSEUR DROIT CROATIE STANISIC
67%
MILIEU CENTRAL ALLEMAGNE PAVLOVIC
61%
MILIEU CENTRAL FRANCE ZAIRE- EMERY
59%
Aucun quiz correspondant
Distribution des résultats
% des personnes avec chaque résultat
Percentile par nombre de réponses
Votre historique - résultats
Vous n’avez pas pris ce quiz